LEADER 00787nam a22002291i 4500 001 991003716589707536 005 20030917163127.0 008 031111s1973 fr |||||||||||||||||fre 035 $ab12464806-39ule_inst 035 $aARCHE-049809$9ExL 040 $aDip.to Lingue$bita$cA.t.i. Arché s.c.r.l. Pandora Sicilia s.r.l. 082 04$a843.91 100 1 $aOllier, Claude$0196484 245 10$aEnigma /$cClaude Ollier 260 $aParis :$bGallimard,$c1973 300 $a211 p. ;$c20 cm 907 $a.b12464806$b02-04-14$c13-11-03 912 $a991003716589707536 945 $aLE012 848.914 OLL 12$g1$i2012000153943$lle012$o-$pE0.00$q-$rl$s- $t0$u0$v0$w0$x0$y.i12895179$z13-11-03 996 $aEnigma$9181474 997 $aUNISALENTO 998 $ale012$b13-11-03$cm$da $e-$ffre$gfr $h0$i1